00000000nam##2200000za#4500
0019.615044
003CaOODSP
00520210615100949
007ta
008150406|2000||||xxc|||||     f|0| 0 eng|d
020 |a0-662-28443-7
040 |aCaOODSP|beng
043 |an-cn---
0861 |aH42-2/67-16-1999E
1101 |aCanada. |bHealth Products and Food Branch.
24510|aGenotoxicity: a standard battery for genotoxicity testing of pharmaceuticals
260 |aOttawa - Ontario : |bHealth Canada. |c2000.
300 |aii, 9p. ; |c28 cm.
4901 |aGuidance for industry |vICH topic S2B
563 |aLoose-leaf
590 |a01-25|b2001-06-22
69007|aTesting|2gcpds
69007|aToxicology|2gcpds
69007|aDrugs|2gcpds
7760#|tGenotoxicity : |w(CaOODSP)9.573940
830#0|aGuidance for industry ;|vICH topic S2B|w(CaOODSP)9.514730